000 00545nam a2200157Ia 4500
003 GCL
008 140319s9999 xx 000 0 ara d
040 _aGCL /
_cGCL
082 0 4 _aط
_b372.1
_bن م
100 1 _aنوال محمد عبدالعزيز
245 1 0 _aالموسوعة التربوية لرياض الاطفال فى مبادى الحساب للمبتدئين (المستوى الاول) /
_cنوال محمد عبدالعزيز
490 _a
650 0 4 _aالاطفال
650 0 4 _aتعليم الاطفال
942 _2ddc
_cBK
999 _c44638
_d44638